Il Centro Italiano di Studi Sull'Alto Medioevo: veinticinque anni di attività, 1952-1977

Guardat en:
Dades bibliogràfiques
Autor corporatiu: Centro Italiano di Studi Sull'Alto Medioevo (Autor)
Format: Llibre
Idioma:italià
Publicat: s.l In Spoleto 1977
Matèries:
Etiquetes: Afegir etiqueta
Sense etiquetes, Sigues el primer a etiquetar aquest registre!

MARC

LEADER 00000nam a2200000 a 4500
001 UCO0867
003 CL-VaPUC
005 20210605001551.0
008 000428e19770000it |||||||||||||||||ita|d
999 |c 287508  |d 287506 
040 |c Pontificia Universidad Católica de Valparaíso 
082 0 4 |a 946 CEN 1977  |2 21 
110 2 |a Centro Italiano di Studi Sull'Alto Medioevo  |e author  |9 442443 
245 1 3 |a Il Centro Italiano di Studi Sull'Alto Medioevo:  |b  veinticinque anni di attività, 1952-1977 
260 |a s.l  |b In Spoleto  |c 1977 
300 |a 228 páginas 
583 |a last modification  |c 20171018 02:42:04  |k Rodrigo Vera 
650 0 |a Historia de España  |9 315435 
650 0 |a Edad media  |z ESPAÑA  |9 258041 
852 |a BIBCUR 
942 |c BK  |2 ddc 
945 |d 20000428 00:00:00  |a rherrera 
952 |0 0  |1 0  |2 ddc  |4 0  |6 946_000000000000000_CEN_1977  |7 0  |8 A  |9 334389  |a BIBHIS  |b BIBHIS  |d 2019-11-20  |i 1267264  |o 946 CEN 1977  |p 1267264  |r 2025-01-20  |t 1  |w 2019-11-20  |y BK  |k HIS